000
00294nam a22001337a 4500
008
170623b xxu||||| |||| 00| 0 eng d
020
_a
9780205851645
041
_a
eng
080
_2
11TH
_a
32
100
_a
21
101
_a
SHP
245
_a
INTERNATIONAL POLITICS
_c
ART.R.J
942
_2
udc
_c
BK
999
_c
19018
_d
19018